पदमावत / (Record no. 11504)

MARC details
000 -LEADER
fixed length control field 01218 a2200253 4500
003 - CONTROL NUMBER IDENTIFIER
control field dpl
005 - DATE AND TIME OF LATEST TRANSACTION
control field 2008082502202.0
008 - FIXED-LENGTH DATA ELEMENTS--GENERAL INFORMATION
fixed length control field 080825t xxu||||| |||| 00| 0 hin d
010 ## - LIBRARY OF CONGRESS CONTROL NUMBER
LC control number HIN-83018
020 ## - INTERNATIONAL STANDARD BOOK NUMBER
Terms of availability 250.00
035 ## - SYSTEM CONTROL NUMBER
System control number HN-55364
037 ## - SOURCE OF ACQUISITION
Source of stock number/acquisition पु.प्र.अ.प्र/प्रका
040 ## - CATALOGING SOURCE
Original cataloging agency DPL
Language of cataloging HN
Transcribing agency DBAD
082 ## - DEWEY DECIMAL CLASSIFICATION NUMBER
Classification number 821.08
245 ## - TITLE STATEMENT
Title पदमावत /
Statement of responsibility, etc रामचन्द्र शुक्ल द्वारा संपादित
246 ## - VARYING FORM OF TITLE
Title proper/short title Padmavat
Remainder of title edited by Ramchandra Shukla
260 ## - PUBLICATION, DISTRIBUTION, ETC. (IMPRINT)
Place of publication, distribution, etc इलाहाबाद
Name of publisher, distributor, etc लोकभारती
Date of publication, distribution, etc 2007
270 ## - ADDRESS
Address 15-ए, महात्मा गाँधी मार्ग
City इलाहाबाद
Postal code 1
300 ## - PHYSICAL DESCRIPTION
Extent vii,248पृ
Dimensions 22सेमी (अजिल्द)
500 ## - GENERAL NOTE
General note मलिक मुहम्मद जायसी की अमर कृति पद्यावत
700 ## - ADDED ENTRY--PERSONAL NAME
Personal name शक्ल, रामचन्द्र
942 ## - ADDED ENTRY ELEMENTS (KOHA)
Institution code [OBSOLETE] dpl
Koha item type Hindi Books
Call number prefix 821.08 / पदमा
Source of classification or shelving scheme Dewey Decimal Classification
Classification part 821.08
Call number suffix पदमा
Holdings
Withdrawn status Lost status Damaged status Not for loan Home library Current library Date acquired Cost, normal purchase price Total Checkouts Full call number Barcode Date last seen Copy number Uniform Resource Identifier Cost, replacement price Price effective from Koha item type
        D.B.Act.Division D.B.Act.Division   250.00   821.08 पदमा HN-55364 15/09/2008 1 12616 250.00 15/09/2008 Hindi Books

© Delhi Public Library
Hit Counter
free hit counter